Política nuclear

Spremljeno u:
Bibliografski detalji
Glavni autori: Orrego Vicuña, Francisco (autor), Armanet Armanet, Pilar (Autor)
Format: Knjiga
Jezik:španjolski
Izdano: Santiago Universitaria 1979
Serija:Estudios Internacionales
Teme:
Oznake: Dodaj oznaku
Bez oznaka, Budi prvi tko označuje ovaj zapis!

MARC

LEADER 00000nam a2200000 a 4500
001 UCV0483
003 CL-VaPUC
008 880928e19790000cl |||||||||||||||||spa|d
082 0 4 |a 341.734  |b ORR  |2 21 
100 |a Orrego Vicuña, Francisco  |e autor  |9 452093 
700 0 |a Armanet Armanet, Pilar  |e author  |9 294969 
245 1 0 |a Política nuclear 
300 |a 348 p 
942 |c BK 
945 |d 19880928 00:00:00 
260 |a Santiago  |b Universitaria  |c 1979 
650 0 |a Armas atómicas y desarme   |9 255226 
650 0 |a Desarme  |9 255227 
650 0 |a Energía nuclear   |9 255228 
650 7 |a INDUSTRIA NUCLEAR  |2 CL-VaPUC  |9 255229 
583 |a last modification  |c 20160921 11:06:54  |k Rodrigo Vera 
490 0 |a Estudios Internacionales 
999 |c 208922  |d 208920 
952 |0 0  |1 0  |4 0  |6 341_734000000000000_ORR_1979  |7 0  |8 A  |9 183927  |a BIBDER  |b BIBDER  |d 2019-11-14  |i 2508486  |o 341.734 ORR 1979  |p 2508486  |r 2023-01-25  |w 2019-11-14  |y BK  |k DER